Lockdown Litrature Form Mizoram/ (Record no. 201866)

MARC details
000 -LEADER
fixed length control field 00540nam a22001817a 4500
005 - DATE AND TIME OF LATEST TRANSACTION
control field 20240405164308.0
010 ## - LCCN (DPL NO)
LC control number ENG-1140002
020 ## - INTERNATIONAL STANDARD BOOK NUMBER
International Standard Book Number 9788194998556
Terms of availability 300.00
035 ## - SYSTEM CONTROL NUMBER
System control number EN-123534
037 ## - SOURCE OF ACQUISITION
Source of stock number/acquisition DBAD/PUB
082 ## - DEWEY DECIMAL CLASSIFICATION NUMBER
Classification number 880.08
Edition number 1
245 ## - TITLE STATEMENT
Title Lockdown Litrature Form Mizoram/
Statement of responsibility, etc edited by Margaret L. Pachuau
260 ## - PUBLICATION, DISTRIBUTION, ETC. (IMPRINT)
Place of publication, distribution, etc Kolkata
Name of publisher, distributor, etc Writers Workshop
Date of publication, distribution, etc 2020
270 ## - ADDRESS
Address C-532,Lake Garden
City Kolkata
Postal code 700045
300 ## - PHYSICAL DESCRIPTION
Extent 97p;
Dimensions 22(pb)
700 ## - ADDED ENTRY--PERSONAL NAME
Personal name Pachuau,Margaret L.
9 (RLIN) 64330
942 ## - ADDED ENTRY ELEMENTS (KOHA)
Item type English Books
Classification part 881
Source of classification or shelving scheme Dewey Decimal Classification
Call number suffix LOC
Holdings
Withdrawn status Lost status Not for loan Collection code Home library Current library Date acquired Source of acquisition Cost, normal purchase price Full call number Barcode Copy number Cost, replacement price Koha item type
      Non-fiction Bawana Bawana 02/04/2024 DBAD 300.00 881 LOC EN-123534 1 300.00 English Books

© Delhi Public Library
Hit Counter
free hit counter